Metodologi pengadjaran nasional; (Record no. 88746)

MARC details
000 -LEADER
fixed length control field 00718cam a22002531 4500
001 - CONTROL NUMBER
control field sa 68018966
003 - CONTROL NUMBER IDENTIFIER
control field DLC
005 - DATE AND TIME OF LATEST TRANSACTION
control field 20260227112716.0
008 - FIXED-LENGTH DATA ELEMENTS--GENERAL INFORMATION
fixed length control field 791004s1965 io a b 000 0 ind
010 ## - LIBRARY OF CONGRESS CONTROL NUMBER
LC control number sa 68018966 //r79
025 ## - OVERSEAS ACQUISITION NUMBER
Overseas acquisition number PL480:Indo-4134
040 ## - CATALOGING SOURCE
Original cataloging agency DLC
Transcribing agency DLC
Modifying agency DLC
043 ## - GEOGRAPHIC AREA CODE
Geographic area code a-io---
050 00 - LIBRARY OF CONGRESS CALL NUMBER
Classification number LA1271
Item number .S85
100 10 - MAIN ENTRY--PERSONAL NAME
Personal name Surakhmad, Winarno.
245 10 - TITLE STATEMENT
Title Metodologi pengadjaran nasional;
Remainder of title sari didaktik.
260 0# - PUBLICATION, DISTRIBUTION, ETC.
Place of publication, distribution, etc. Bandung,
Name of publisher, distributor, etc. Badan Penerbitan I.K.I.P.
Date of publication, distribution, etc. [1965]
300 ## - PHYSICAL DESCRIPTION
Extent 172 p.
Other physical details illus.
Dimensions 21 cm.
500 ## - GENERAL NOTE
General note Cover title.
500 ## - GENERAL NOTE
General note L.C. copy imperfect: p. 41-44 wanting.
504 ## - BIBLIOGRAPHY, ETC. NOTE
Bibliography, etc. note Bibliographical footnotes.
650 #0 - SUBJECT ADDED ENTRY--TOPICAL TERM
Topical term or geographic name entry element Education
Geographic subdivision Indonesia.
650 #0 - SUBJECT ADDED ENTRY--TOPICAL TERM
Topical term or geographic name entry element Teaching.

No items available.

Powered by Koha